| 000 | 00696nam a2200217Ii 4500 | ||
|---|---|---|---|
| 003 | JO-AjNU | ||
| 008 | 230605s9999||||xx |||||||||||||| ||und|| | ||
| 017 | _a2008/12/4188 | ||
| 040 |
_aJO-AjNU _bara _erda _cJO-AjNU |
||
| 041 | _aara | ||
| 050 | 1 | 4 | _aBF698..A99 2008 |
| 100 | 3 |
_aتاليف العزام، سهيل محمد, _eauthor _950375 |
|
| 245 | 0 | 0 | _aدراسات في سيكولوجية السخصية |
| 250 | _aط1 | ||
| 264 | 3 | 1 | _aعمان: المؤلف، 2008 |
| 300 | _a91ص | ||
| 336 |
_atext _btxt _2rdacontent |
||
| 337 |
_aunmediated _bn _2rdamedia |
||
| 338 |
_avolume _bnc _2rdacarrier |
||
| 650 | 4 |
_aسيكولوجية الشخصية - علم نفس الافراد _950376 |
|
| 999 |
_aA22187 _c25755 _d25755 |
||